zpět

Detail výsledku týmu

Pod Ořechy, Brno

Datum a čas kvízu

41 Celkem bodů Celkový počet nahraných bodů na tomto kvízu bez doplňovacích otázek.
1. Pořadí na kvízu Konečné umístění týmu na tomto kvízu.

Zaznamenané odpovědi

# Otázka Odpověď Body Výsledky
1. Jak se jmenuje stránka na česk... Wikipedia 1
2. Prezident Kazachstánu, který b... Nursultan Nazarbajev 0
3. Na první jarní den měla premié... LOVEní 1
4. Jak se nazývá inzertní platfor... letgo 1
5. Na programu ČT sport jsme mohl... o krasobruslení 1
6. Dnešní cestovatelské téma se b... Córdoba 1
7. Jak se jmenuje velmi známý špa... Luis Buñuel 0
8. Ze hry Osvobozeného divadla Ru... Sevilla (v Seville) 1
9. Nad městem Granada se vypíná h... Alhambra 1
10. Na obrázku vidíte radnici v př... Juan Carlos I. 1